000
00308nam a2200145Ia 4500
005
20251222141834.0
008
251222s9999||||xx |||||||||||||| ||spa||
020
_a
9562725324
082
_a
750/B25
100
_a
Barreda, Ernesto
245
0
_a
Barreda
250
_a
1ra.ed.
264
_b
Imax
942
_c
LIB
999
_c
7207
_d
7207